LEADER 01813nam a2200361 i 4500 001 000000161374 003 CaOOAMICUS 005 20200205123145.0 008 070515s2007 sz u000 u mul u 013 $a138737 020 $a978-3-7278-1580-5 020 $a978-3-451-29393-1 040 $aSeMil$bita 100 1 $aSchlegel, Alexander <1975- >.$0(OLS)http://semarc/name/42591 245 14$aDie Identität der Person :$beine Auseinandersetzung mit Peter Singer /$cAlexander Schlegel. 264 1$aFribourg (Schweiz) :$bAcademic Press ;$aFreiburg :$bHerder,$c2007. 300 $a486 p. :$bill. ;$c23 cm. 500 $aContine: Intervista a Peter Singer del 5 aprile 2004 (pp. 429-444) 650 4$aPersona - Filosofia.$0(OLS)http://semarc/subject/6686 650 4$aVita umana - Bioetica.$0(OLS)http://semarc/subject/16570 650 4$aSinger, Peter <1946- > - Etica.$0(OLS)http://semarc/subject/17570 650 4$aSinger, Peter <1946- > - Utilitarismo della preferenza.$0(OLS)http://semarc/subject/17571 700 1 $aSinger, Peter,$d<1946- >.$0(OLS)http://semarc/name/40155 830 0$aStudien zur theologischen Ethik ;$v116.$0(OLS)http://semarc/title/60536 850 $aSeMil 852 $aSeMil$W1$xVenegono$y1$m2E V 336$j112797$B112797$CSeMilBibl$Z2$F123295 $81 961 $aSottoscrizione: Herder 996 $6020$a978-3-7278-1580-5$9(OLS)http://semarc/number/77421 996 $6020$a978-3-451-29393-1$9(OLS)http://semarc/number/77422 996 $6245$aDie Identität der Person :$beine Auseinandersetzung mit Peter Singer$9(OLS)http://semarc/title/144449 996 $6264$aFribourg (Schweiz) :$bAcademic Press$9(OLS)http://semarc/publisher/44086 996 $6264$aFreiburg :$bHerder$9(OLS)http://semarc/publisher/58825 LEADER 01064nam a2200241 i 4500 001 000000201066 003 CaOOAMICUS 005 20110419000000.0 008 110419n it u000 u ita u 013 $a179767 040 $aSeMil$bita 100 1 $aDutto, Maria.$0(OLS)http://semarc/name/72677 245 13$aIl femminismo cattolico /$cMaria Dutto. 260 $aMilano :$bSegreteria del Corso di Aggiornamento Teologico,$c[1988] 300 $a13 p. ;$c21 cm. 490 0 $aLa donna nella Chiesa : una sfida e un segno dei tempi ;$v14 500 $aA piè della copertina : Corso di aggiornamento teologico 1987-1988, Milano. 830 3$aLa donna nella Chiesa : una sfida e un segno dei tempi ;$v14.$0(OLS)http://semarc/title/33159 850 $aSeMil 852 $aSeMil$W1$xVenegono$y1$m5D IX 18/21$j151595$B151595$CSeMilBibl$Z2$F162796 $81 961 $aOmaggio: Altro 996 $6245$aIl femminismo cattolico$9(OLS)http://semarc/title/290906 996 $6260$aMilano :$bSegreteria del Corso di Aggiornamento Teologico$9(OLS)http://semarc/publisher/36255